[Event "Montigny le Bretonneux Noel op 05th"]
[Site "Montigny le Bretonneux"]
[Date "2002.12.30"]
[Round "6.13"]
[White "Dazanvilliers, Patrice"]
[Black "Marques, Gilles"]
[Result "1/2-1/2"]
[WhiteElo "2088"]
[BlackElo "1730"]
[PlyCount "54"]
[EventDate "2002.12.??"]
[EventType "swiss"]
[EventRounds "7"]
[EventCountry "FRA"]
[SourceTitle "EXT 2004"]
[Source "ChessBase"]
[SourceDate "2003.11.25"]
[SourceVersion "1"]
[SourceVersionDate "2003.11.25"]
[SourceQuality "1"]

1. e4 e6 2. d4 d5 3. Nc3 dxe4 4. Nxe4 Nd7 5. Nf3 Ngf6 6. Nxf6+ Nxf6 7. Bd3 Be7 8. 0-0 0-0 9. Bg5 b6 10. Bxf6 Bxf6 11. Be4 Rb8 12. Qe2 Qe7 13. Rfd1 Bb7 14. Ne5 Bxe4 15. Qxe4 Bxe5 16. dxe5 c5 17. Rd3 Rfd8 18. Rad1 Rxd3 19. Qxd3 h6 20. f4 Rb7 21. Qd8+ Qxd8 22. Rxd8+ Kh7 23. Kf2 Kg6 24. Kf3 f5 25. Ke3 Kf7 26. Kd2 Ke7 27. Rd6 Rd7 1/2-1/2

[Event "Montigny le Bretonneux Noel op 05th"]
[Site "Montigny le Bretonneux"]
[Date "2002.12.28"]
[Round "4.14"]
[White "Stover, Ralph"]
[Black "Dazanvilliers, Patrice"]
[Result "1-0"]
[WhiteElo "1760"]
[BlackElo "2088"]
[PlyCount "85"]
[EventDate "2002.12.??"]
[EventType "swiss"]
[EventRounds "7"]
[EventCountry "FRA"]
[SourceTitle "EXT 2004"]
[Source "ChessBase"]
[SourceDate "2003.11.25"]
[SourceVersion "1"]
[SourceVersionDate "2003.11.25"]
[SourceQuality "1"]

1. e4 Nf6 2. e5 Nd5 3. d4 d6 4. Nf3 dxe5 5. Nxe5 g6 6. Bc4 c6 7. 0-0 Bg7 8. Re1 0-0 9. c3 Be6 10. Bb3 Nc7 11. Bc2 Nd7 12. Nxd7 Qxd7 13. Qe2 Rfe8 14. h3 Nd5 15. Nd2 Nf4 16. Qf3 Qc7 17. Ne4 Bh6 18. Nc5 Bd5 19. Be4 Bxe4 20. Rxe4 g5 21. Bxf4 gxf4 22. Nd3 Rad8 23. Nxf4 Qd6 24. Rae1 Kh8 25. Nd3 f6 26. Re6 Qc7 27. Qh5 Bg7 28. Qf7 Rf8 29. Qxe7 Rd7 30. Qb4 a5 31. Qc4 Rdf7 32. Qc5 Qd8 33. Qh5 Qc7 34. g3 Rd7 35. Nf4 Kg8 36. Re8 Qd6 37. R1e6 Qc7 38. Rxf8+ Bxf8 39. Re8 Rf7 40. Ne6 Qd6 41. Qg4+ Kh8 42. Rxf8+ Rxf8 43. Qg7# 1-0

[Event "Montigny le Bretonneux Noel op 05th"]
[Site "Montigny le Bretonneux"]
[Date "2002.12.26"]
[Round "1.9"]
[White "Dazanvilliers, Patrice"]
[Black "Gilles de la Londe, Jean Francois"]
[Result "1/2-1/2"]
[WhiteElo "2088"]
[BlackElo "1660"]
[PlyCount "85"]
[EventDate "2002.12.??"]
[EventType "swiss"]
[EventRounds "7"]
[EventCountry "FRA"]
[SourceTitle "EXT 2004"]
[Source "ChessBase"]
[SourceDate "2003.11.25"]
[SourceVersion "1"]
[SourceVersionDate "2003.11.25"]
[SourceQuality "1"]

1. e4 c5 2. Nf3 d6 3. d4 cxd4 4. Nxd4 Nf6 5. Nc3 a6 6. Bc4 e6 7. Bb3 Nc6 8. Be3 Be7 9. Qe2 Qc7 10. 0-0-0 0-0 11. Rhg1 b5 12. f3 Na5 13. g4 Nxb3+ 14. axb3 Nd7 15. Qf2 Bb7 16. g5 g6 17. h4 Nc5 18. h5 e5 19. hxg6 fxg6 20. Nde2 Nxe4 21. Qh4 Nxc3 22. Nxc3 Rxf3 23. Rh1 Bf8 24. Ne4 Bxe4 25. Qxe4 Rc8 26. Qd5+ Qf7 27. Qd2 Qxb3 28. Kb1 Qc4 29. b3 Qe4 30. Rhe1 Qc6 31. Re2 d5 32. Qxd5+ Qxd5 33. Rxd5 Rc3 34. Bd2 Rf1+ 35. Kb2 Rc6 36. c3 Rf5 37. Rdxe5 Rxe5 38. Rxe5 Rd6 39. Kc2 Rc6 40. Re2 Kf7 41. Rh2 Kg8 42. Re2 b4 43. c4 1/2-1/2